The path to leadership / (Record no. 186070)
[ view plain ]
| 000 -LEADER | |
|---|---|
| fixed length control field | 00937 a2200181 4500 |
| 003 - CONTROL NUMBER IDENTIFIER | |
| control field | Nust |
| 005 - DATE AND TIME OF LATEST TRANSACTION | |
| control field | 20230119134905.0 |
| 040 ## - CATALOGING SOURCE | |
| Transcribing agency | Nust |
| 082 ## - DEWEY DECIMAL CLASSIFICATION NUMBER | |
| Classification number | 355.33041,MON |
| 100 ## - MAIN ENTRY--PERSONAL NAME | |
| Personal name | Montgomery |
| 9 (RLIN) | 46237 |
| 245 ## - TITLE STATEMENT | |
| Title | The path to leadership / |
| Statement of responsibility, etc. | Montgomery |
| 260 ## - PUBLICATION, DISTRIBUTION, ETC. | |
| Place of publication, distribution, etc. | Pakistan |
| Name of publisher, distributor, etc. | Army Edu prees |
| Date of publication, distribution, etc. | 1961 |
| 300 ## - PHYSICAL DESCRIPTION | |
| Extent | 255,p.; |
| 505 ## - FORMATTED CONTENTS NOTE | |
| Formatted contents note | Leadership What is it (Page-9), Military Command (Page-20), Military Command Some Example (Page-28), Political Leadership (Page-53), Abraham Lincoln (Page-73), Jawaharlal Nehru (Page-83), General De Gaulle (Page-95), Churchill and Alanbrooke (Page-112), A Great Civil Servant (Page-133), A Captain of Industry (Page-143), Leadership of Youth (Page-158), Leadership in the West (Page-183), Communist Leadership (Page-201), A backword Look (Page-227), Conclusions (Page-233), The Epilogue (Page-253). |
| 600 ## - SUBJECT ADDED ENTRY--PERSONAL NAME | |
| Personal name | Montgomery |
| 9 (RLIN) | 46237 |
| 650 ## - SUBJECT ADDED ENTRY--TOPICAL TERM | |
| Topical term or geographic name entry element | Leaderships |
| 9 (RLIN) | 107102 |
| 942 ## - ADDED ENTRY ELEMENTS (KOHA) | |
| Source of classification or shelving scheme | |
| Koha item type | Book |
| Call number prefix | 355.33041,MON |
| Withdrawn status | Lost status | Source of classification or shelving scheme | Damaged status | Not for loan | Permanent Location | Current Location | Shelving location | Date acquired | Full call number | Barcode | Date last seen | Price effective from | Koha item type | Public note |
|---|---|---|---|---|---|---|---|---|---|---|---|---|---|---|
| Military College of Signals (MCS) | Military College of Signals (MCS) | General Stacks | 12/12/2016 | 355.33041,MON | MCS21515 | 12/08/2016 | 12/12/2016 | Book | Almirah No. 53, Shelf No. 2 |
